=LDR 00000nam 2200000 4500 =001 INLIS000000000029138 =005 20130612131409 =008 ***********************************Ind** =035 ##$$0010-061300000029138 =041 ##$$a Ind =082 ##$$a 2x4.124 =090 ##$$a 2x4.124, Suy k =100 ##$$a Suyuti, Achmad =245 ##$$a Khotbah pendidikan budi pekerti dengan semangat reformasi, oleh Drs. Achmad Suyuti =260 ##$$a 2006 $b Jakarta =300 ##$$a viii, 241 hlm, 20 cm =650 ##$$a Khutbah =850 ##$$a NBPNMAT =990 ##$$a 2090101340/BPAP-NTB/2015